Т. 133, № 3; Теоретическая и математическая физика

Opis bibliograficzny
Parent link:Теоретическая и математическая физика: научный журнал/ Российская академия наук (РАН). Т. 133, № 3.— , 1969-.— 0564-6162
Język:rosyjski
Wydane: 2002
Format: Książka
KOHA link:https://koha.lib.tpu.ru/cgi-bin/koha/opac-detail.pl?biblionumber=384169

MARC

LEADER 00000nam2a2200000 4500
001 384169
005 20231101063226.0
035 |a (RuTPU)RU\TPU\prd\10643 
090 |a 384169 
100 |a 20030217a20029999k y0rusy50 ca 
101 0 |a rus 
102 |a RU 
200 0 |a Т. 133, № 3 
210 |d 2002 
461 1 |0 (RuTPU)RU\TPU\prd\1730  |x 0564-6162  |t Теоретическая и математическая физика  |o научный журнал  |f Российская академия наук (РАН)  |v Т. 133, № 3  |d 1969- 
801 0 |a RU  |b 63413507  |c 20010227  |g PSBO 
801 1 |a RU  |b 63413507  |c 20030217  |g PSBO 
801 2 |a RU  |b 63413507  |c 20131220  |g RCR 
942 |c BK 
999 |a НТБ_ТПУ  |b НФ  |e -1/20030113  |p П-7280  |s 1/20020226  |u 0,00  |v 1